00802nam a2200169 i 4500001000700000003000900007005001700016008004100033245015800074260007000232300002800302597004900330650004900379852006100428999001900489952012400508163143ES-MaACL20230906212701.0010606s1871 sp |||| | spa d00aReglamento orgánico y de contabilidad para el servicio de las oficinas de Administración Militar b: aprobado por Real Orden de 6 de febrero de 1871. aMadrid : b[s.n.], c1871 (fImp. de la Administración Militar) a76, [372] p. ; c30 cm. aLas [372] p. corresponden a 123 formularios. 4aAdministración militar-zEspaña.9164825 aES-MaACLjB-1148 z- Enc. hol. z- Donativo de San Jurjo c163143d163143 001040708LIBXIXaATENEOMbATENEOMcSPBd2008-01-17eSSCl0oB-1148p1170955r2023-02-23 00:00:00w2023-02-23yMONANT